000 00683nam a2200217Ia 4500
001 1445
003 GE_BSU
008 181216s||||||||xx |||||||||||||| ||und||
040 _cGE_BSU
080 _a631.3(075.3)
100 _aКомаристов,В.Е. Одинцов,Л.А.
245 _aПрактикум по сельско-хозяйственным машинам
245 _bУч-е пособие для сел.-хоз. техникумов
260 _aМосква
260 _bКолос
260 _c1978
300 _a271стр.
541 _h7л.
653 _aПрактикум по сельско-хозяйственным машинам
942 _cBK
999 _c35582
_d35582